[Event "WchT Blitz Pool B"]
[Site "London"]
[Date "2025.06.14"]
[Round "5.6"]
[White "Amoako, Philip Selikem Yao"]
[Black "Ding, Yihua"]
[Result "1-0"]
[WhiteElo "1948"]
[BlackElo "1536"]
[PlyCount "57"]
[EventDate "2025.06.14"]
[EventType "team-tourn"]
[EventRounds "13"]
[EventCountry "ENG"]
[SourceTitle "CB25_2025"]
[SourceDate "2025.06.18"]
[SourceVersion "1"]
[SourceVersionDate "2025.06.18"]
[SourceQuality "1"]
[WhiteTeam "Mother Continent"]
[BlackTeam "Desert Penguins"]
[WhiteTeamCountry "RSA"]
[BlackTeamCountry "ENG"]

1. e4 c5 2. Nc3 d6 3. g3 Nf6 4. Bg2 Nbd7 5. d3 e6 6. Be3 Be7 7. h3 0-0 8. Nge2 Rb8 9. Qd2 b6 10. 0-0 Bb7 11. f4 h6 12. g4 Qc7 13. Ng3 e5 14. f5 Rbd8 15. g5 hxg5 16. Bxg5 Rfe8 17. h4 Nf8 18. h5 N6h7 19. Bxe7 Qxe7 20. h6 Qg5 21. Qxg5 Nxg5 22. Nh5 Nfh7 23. Nxg7 Re7 24. Nh5 Ree8 25. Ne2 Re7 26. Neg3 Rc8 27. f6 Re6 28. Nf5 Rce8 29. Nfg7 1-0

[Event "WchT Blitz Pool B"]
[Site "London"]
[Date "2025.06.14"]
[Round "11.6"]
[White "Amoako, Philip Selikem Yao"]
[Black "Morea, Georgiana Steluta"]
[Result "1-0"]
[WhiteElo "1948"]
[BlackElo "1920"]
[PlyCount "113"]
[EventDate "2025.06.14"]
[EventType "team-tourn"]
[EventRounds "13"]
[EventCountry "ENG"]
[SourceTitle "CB25_2025"]
[SourceDate "2025.06.18"]
[SourceVersion "1"]
[SourceVersionDate "2025.06.18"]
[SourceQuality "1"]
[WhiteTeam "Mother Continent"]
[BlackTeam "Sharks 4NCL"]
[WhiteTeamCountry "RSA"]
[BlackTeamCountry "ENG"]

1. e4 c5 2. Nc3 e6 3. g3 Nc6 4. Bg2 g6 5. d3 Bg7 6. Be3 d6 7. Qd2 Nf6 8. h3 a6 9. Bh6 0-0 10. Bxg7 Kxg7 11. f4 Nd4 12. Nge2 Rb8 13. 0-0 b5 14. g4 h6 15. Ng3 Nh7 16. f5 Bb7 17. Nce2 Qg5 18. Qxg5 Nxg5 19. c3 Nxe2+ 20. Nxe2 exf5 21. gxf5 Rbd8 22. h4 Nh7 23. Nf4 Nf6 24. fxg6 Bc8 25. gxf7 Rxf7 26. Bh3 Bxh3 27. Nxh3 Ng4 28. Nf4 Re8 29. Nh5+ Kg6 30. Rxf7 Kxf7 31. Rf1+ Ke6 32. Ng7+ Ke7 33. Nxe8 Kxe8 34. Rf4 Ne5 35. d4 cxd4 36. cxd4 Nd3 37. Rf6 Ke7 38. Rxh6 Nxb2 39. h5 b4 40. Rh7+ Kf6 41. Ra7 Kg5 42. Rxa6 Kxh5 43. Rxd6 Kg5 44. Rd5+ Kf4 45. Re5 Ke3 46. d5 Kd4 47. d6 Kxe5 48. d7 Kxe4 49. d8Q Nd3 50. Qe7+ Kd4 51. Qd6+ Kc3 52. Kf1 Kd2 53. Qd5 Ke3 54. Kg2 Kd2 55. Kf3 Kc3 56. Ke3 Nc1 57. Qd2+ 1-0

[Event "Kaspersky op U16"]
[Site "Tornelo INT"]
[Date "2021.04.02"]
[Round "10"]
[White "Amoako, Philip Selikem Yao"]
[Black "Prisha, Lala"]
[Result "0-1"]
[WhiteElo "1291"]
[BlackElo "1070"]
[PlyCount "126"]
[EventDate "2021.04.02"]
[EventType "swiss (blitz)"]
[EventRounds "11"]
[EventCountry "RUS"]
[SourceTitle "CBM 201 Extra"]
[Source "ChessBase"]
[SourceDate "2021.05.31"]
[SourceVersion "1"]
[SourceVersionDate "2021.05.31"]
[SourceQuality "1"]

1. e4 e5 2. d4 exd4 3. c3 d5 4. Qxd4 Nf6 5. exd5 Qxd5 6. Qxd5 Nxd5 7. Nf3 Nc6 8. Bc4 Nf6 9. 0-0 Bf5 10. Re1+ Be7 11. Bg5 Ne4 12. Bxe7 Nxe7 13. Nbd2 Nxd2 14. Nxd2 Bg6 15. Re2 0-0-0 16. Rae1 Nc6 17. Nf3 f6 18. h3 Rde8 19. Be6+ Kb8 20. Bd7 Rxe2 21. Rxe2 Bd3 22. Re3 Bb5 23. b3 Rd8 24. Re8 Rxe8 25. Bxe8 Nd4 26. Nxd4 Bxe8 27. Ne6 g6 28. Kh2 Bf7 29. Nd8 Bg8 30. Kg3 Kc8 31. Nxb7 Kxb7 32. Kf4 Kc6 33. g3 Kd5 34. h4 c5 35. h5 c4 36. b4 Kc6 37. hxg6 hxg6 38. a4 a5 39. b5+ Kc5 40. Ke4 Be6 41. f4 Bf5+ 42. Kf3 Bc2 43. f5 g5 44. g4 Bxa4 45. b6 Kxb6 46. Ke4 Kc5 47. Ke3 Bd1 48. Kd2 Bxg4 49. Kc2 Bxf5+ 50. Kd2 g4 51. Ke3 a4 52. Kf4 Bc8 53. Kg3 a3 54. Kf4 a2 55. Kg3 a1Q 56. Kh4 Qg1 57. Kh5 g3 58. Kg6 Qb1+ 59. Kxf6 Qf5+ 60. Ke7 Kc6 61. Ke8 Bd7+ 62. Ke7 g2 63. Kd8 Qf8# 0-1

[Event "Kaspersky op U16"]
[Site "Tornelo INT"]
[Date "2021.04.02"]
[Round "2"]
[White "Amoako, Philip Selikem Yao"]
[Black "Zeliantsova, Kseniya"]
[Result "0-1"]
[WhiteElo "1291"]
[BlackElo "2017"]
[PlyCount "132"]
[EventDate "2021.04.02"]
[EventType "swiss (blitz)"]
[EventRounds "11"]
[EventCountry "RUS"]
[SourceTitle "CBM 201 Extra"]
[Source "ChessBase"]
[SourceDate "2021.05.31"]
[SourceVersion "1"]
[SourceVersionDate "2021.05.31"]
[SourceQuality "1"]

1. e4 c5 2. Nc3 Nc6 3. g3 g6 4. Bg2 Bg7 5. Nge2 d6 6. d3 e5 7. 0-0 Nge7 8. Be3 0-0 9. f4 Nd4 10. fxe5 dxe5 11. Nc1 f5 12. N3e2 fxe4 13. dxe4 Bg4 14. Re1 Qc7 15. c3 Nxe2+ 16. Nxe2 Rad8 17. Qc2 b6 18. Rf1 c4 19. h3 Rd3 20. Rxf8+ Bxf8 21. Bf2 Be6 22. Rf1 Qd7 23. Be1 Nc6 24. Nc1 Bc5+ 25. Kh2 Rd6 26. Ne2 a5 27. a4 Qe7 28. Bf2 Bxf2 29. Rxf2 Qd8 30. Nc1 Nb8 31. Bf3 Nd7 32. Rd2 Rxd2+ 33. Qxd2 Qf8 34. Bg2 Nc5 35. g4 Qf4+ 36. Qxf4 exf4 37. e5 Nxa4 38. Bc6 Nxb2 39. Kg2 Kf7 40. Kf3 g5 41. h4 h6 42. hxg5 hxg5 43. Ne2 a4 44. Nd4 a3 45. Nc2 a2 46. Na1 Nd3 47. Be4 Nxe5+ 48. Kf2 Nxg4+ 49. Kg2 Ne3+ 50. Kf2 Nd1+ 51. Ke2 Nxc3+ 52. Kf3 Nxe4 53. Kxe4 b5 54. Kd4 Kf6 55. Kc5 f3 56. Kxb5 f2 57. Kb4 f1Q 58. Nc2 Qb1+ 59. Kc3 a1Q+ 60. Nxa1 Qxa1+ 61. Kb4 Qb2+ 62. Kc5 c3 63. Kd4 c2+ 64. Kd3 Bf5+ 65. Kc4 c1Q+ 66. Kd5 Qe5# 0-1

[Event "Kaspersky op U16"]
[Site "Tornelo INT"]
[Date "2021.04.02"]
[Round "9"]
[White "Shukhman, Anna"]
[Black "Amoako, Philip Selikem Yao"]
[Result "1-0"]
[WhiteElo "2048"]
[BlackElo "1291"]
[PlyCount "99"]
[EventDate "2021.04.02"]
[EventType "swiss (blitz)"]
[EventRounds "11"]
[EventCountry "RUS"]
[SourceTitle "CBM 201 Extra"]
[Source "ChessBase"]
[SourceDate "2021.05.31"]
[SourceVersion "1"]
[SourceVersionDate "2021.05.31"]
[SourceQuality "1"]

1. e4 c6 2. Nc3 d5 3. Nf3 d4 4. Ne2 c5 5. c3 d3 6. Nf4 c4 7. Qa4+ Nc6 8. Qxc4 e5 9. Nxd3 Be6 10. Qa4 f6 11. b4 a6 12. Nb2 b5 13. Qd1 Nge7 14. a4 Rb8 15. axb5 axb5 16. d3 Ng6 17. Be3 Qd7 18. Be2 Bd6 19. 0-0 0-0 20. d4 exd4 21. Nxd4 Nxd4 22. Bxd4 Rfd8 23. g3 Bxb4 24. Qc2 Rdc8 25. Rfd1 Qe7 26. Ra7 Qe8 27. Qd2 Bf8 28. f4 Bf7 29. Nd3 Qxe4 30. Bg4 Rd8 31. Re1 Qc6 32. Rxf7 Kxf7 33. Qa2+ Rd5 34. Be6+ Qxe6 35. Rxe6 Kxe6 36. f5+ Kd6 37. fxg6 hxg6 38. Qa6+ Ke7 39. Qa7+ Rd7 40. Qxb8 Kf7 41. Qxb5 Re7 42. Qd5+ Ke8 43. c4 Rd7 44. Qe6+ Re7 45. Qc8+ Kf7 46. Bc5 Re8 47. Qd7+ Be7 48. Nf4 g5 49. Qe6+ Kf8 50. Ng6# 1-0

[Event "Online Olym Div4 D"]
[Site "Chess.com INT"]
[Date "2020.07.31"]
[Round "3.1"]
[White "Amoako, Philip Selikem Yao"]
[Black "Etienne, Angelo"]
[Result "0-1"]
[WhiteElo "1265"]
[BlackElo "1995"]
[PlyCount "52"]
[EventDate "2020.07.31"]
[EventType "team-tourn (rapid)"]
[EventRounds "9"]
[EventCountry "USA"]
[SourceTitle "CBM 198"]
[Source "ChessBase"]
[SourceDate "2020.10.31"]
[SourceVersion "1"]
[SourceVersionDate "2020.10.31"]
[SourceQuality "1"]
[WhiteTeam "Ghana"]
[BlackTeam "Haiti"]
[WhiteTeamCountry "GHA"]
[BlackTeamCountry "HAI"]

1. e4 d5 2. exd5 c6 3. dxc6 Nxc6 4. Nf3 Nf6 5. Bc4 Bg4 6. Bb5 e5 7. Be2 Bd6 8. d3 Qc7 9. h3 Bh5 10. 0-0 0-0 11. Bg5 Nd5 12. Nbd2 f6 13. Be3 f5 14. Nc4 Be7 15. Re1 b5 16. Na3 Bxa3 17. bxa3 Nc3 18. Qd2 Nxe2+ 19. Qxe2 e4 20. dxe4 fxe4 21. Qxb5 Bxf3 22. gxf3 Ne5 23. Qd5+ Kh8 24. Kg2 Nxf3 25. Re2 Qh2+ 26. Kf1 Qg1# 0-1

[Event "London Classic op U1750 11th"]
[Site "London"]
[Date "2019.12.02"]
[Round "1"]
[White "Kirkland, Arnold G"]
[Black "Amoako, Philip Selikem Yao"]
[Result "1/2-1/2"]
[WhiteElo "1511"]
[BlackElo "1352"]
[PlyCount "106"]
[EventDate "2019.12.02"]
[EventType "swiss"]
[EventRounds "5"]
[EventCountry "ENG"]
[SourceTitle "CBM 195 Extra"]
[Source "ChessBase"]
[SourceDate "2020.05.31"]
[SourceVersion "1"]
[SourceVersionDate "2020.05.31"]
[SourceQuality "1"]

1. e4 c5 2. d3 Nc6 3. f4 d6 4. Nf3 g6 5. Be2 Bg7 6. 0-0 e6 7. Qe1 Nge7 8. c3 Qb6 9. Kh1 0-0 10. Qh4 f5 11. Ng5 h6 12. Nf3 Bd7 13. Nbd2 Qc7 14. Bd1 b5 15. Nb3 a5 16. e5 a4 17. Nbd2 d5 18. Qg3 Be8 19. d4 c4 20. a3 Bf7 21. Nh4 Kh7 22. Ndf3 Na5 23. Qh3 Kg8 24. g4 Qd7 25. gxf5 Nxf5 26. Nxf5 exf5 27. Be3 Nb7 28. Rg1 Nd8 29. Nh4 Qe8 30. Qg2 Kh7 31. Bh5 Ra6 32. Nxf5 Bh8 33. Nd6 Rxd6 34. exd6 Rg8 35. Bxg6+ Bxg6 36. f5 Bxf5 37. Qxg8+ Qxg8 38. Rxg8 Kxg8 39. Bxh6 Nf7 40. Bf4 Kf8 41. Rf1 Ke8 42. Kg1 Kd7 43. Be5 Be6 44. Rxf7+ Bxf7 45. Bxh8 Kxd6 46. Kf2 Ke6 47. Ke3 Kf5 48. Be5 Bg6 49. Bg3 Bf7 50. h4 Bg6 51. Bc7 Bf7 52. Bd8 Bg6 53. Bg5 Bf7 1/2-1/2